A biztosító társaságok számviteli sajátosságai könyvvizsgálati szempontból

Bibliographic Details
Main Author: Anikó Kerek
Other Authors: Szekeres Dr. Bernadett
Format: Thesis
Published: 2017-11-25
Kulcsszavak:könyvvizsgálat
Biztosító
számviteli sajátosságok
Online Access:http://dolgozattar.uni-bge.hu/13047

MARC

LEADER 00000nta a2200000 i 4500
001 dolg13047
005 20171127125011.0
008 171127s2017 hu om 000 hun d
040 |a BGE Dolgozattár Repozitórium  |b hun 
041 |a hu 
100 1 |a Anikó Kerek 
245 1 2 |a A biztosító társaságok számviteli sajátosságai könyvvizsgálati szempontból  |c Anikó Kerek  |h [elektronikus dokumentum] 
260 |c 2017-11-25 
695 |a könyvvizsgálat 
695 |a Biztosító 
695 |a számviteli sajátosságok 
700 1 |a Szekeres Dr. Bernadett  |e ths 
856 4 0 |u http://dolgozattar.uni-bge.hu/13047/1/Szakdolgozat_kerekaniko_v%C3%A9gleges.docx  |z Dokumentum-elérés 
856 4 0 |u http://dolgozattar.uni-bge.hu/13047/19/nyilatkozat.pdf  |z Dokumentum-elérés